Statistics for The Sopranos Characters by Picture

Click here to take the quiz!

General Stats

  • This quiz has been taken 827 times
  • The average score is 14 of 16

Answer Stats

Answer% Correct
Tony Soprano
100%
Corrado Soprano
95%
Christopher Moltisanti
94%
Carmela Soprano
93%
Paulie Gualtieri
93%
Salvatore Bonpensiero
92%
Meadow Soprano
90%
Silvio Dante
86%
Jennifer Melfi
84%
Adriana La Cerva
80%
Bobby Baccalieri
79%
Artie Bucco
76%
Ralph Cifaretto
75%
Richie Aprile
73%
Johnny Sacramoni
72%
Vito Spatafore
70%

Score Distribution

Percentile by Number Answered

Percent of People with Each Score

Your Score History

You have not taken this quiz